| 000 | 00000nam 2200000zi 4500 |
| 001 | 9.936388 |
| 003 | CaOODSP |
| 005 | 20240405124037 |
| 006 | m o d f |
| 007 | cr ||||||||||| |
| 008 | 240405s1990 onc ob f000 0 eng d |
| 040 | |aCaOODSP|beng|erda|cCaOODSP |
| 043 | |an-cn--- |
| 086 | 1 |aJ3-8/1990-11E-PDF |
| 100 | 1 |aGiliberti, Carolina, |eauthor. |
| 245 | 10|aVictim impact statements in Canada. |nVolume 7. |pA summary of findings / |cCarolina Giliberti. |
| 264 | 1|a[Ottawa] : |bResearch and Statistics Division, Policy Sector, Department of Justice Canada, |c1990. |
| 300 | |a1 online resource (25 pages). |
| 336 | |atext|btxt|2rdacontent |
| 337 | |acomputer|bc|2rdamedia |
| 338 | |aonline resource|bcr|2rdacarrier |
| 490 | 1 |aWorking document ; |vWD1990-11A |
| 500 | |aDigitized edition from print [Department of Justice Canada]. |
| 500 | |aIssued also in French under title: Déclaration de la victime au tribunal au Canada. Volume 7. Résumé des conclusions. |
| 504 | |aIncludes bibliographical references (page 25). |
| 650 | 0|aVictims of crimes|zCanada. |
| 650 | 0|aVictims of crimes surveys|zCanada. |
| 710 | 1 |aCanada. |bDepartment of Justice. |bResearch and Statistics Division, |eissuing body. |
| 775 | 08|tDéclaration de la victime au tribunal au Canada. |w(CaOODSP)9.936392 |
| 830 | #0|aWorking document (Canada. Ministère de la justice : En ligne)|vWD1990-11A.|w(CaOODSP)9.505668 |
| 856 | 40|qPDF|s89 KB|uhttps://publications.gc.ca/collections/collection_2024/jus/J3-8-1990-11-eng.pdf |